Fundamental analysis

সংরক্ষণ করুন:
গ্রন্থ-পঞ্জীর বিবরন
প্রধান লেখক:  Thomsett, Michael C
বিন্যাস: Sách
ভাষা:Undetermined
প্রকাশিত:  J. Wiley and sons  2006
বিষয়গুলি:
ট্যাগগুলো: ট্যাগ যুক্ত করুন
কোনো ট্যাগ নেই, প্রথমজন হিসাবে ট্যাগ করুন!
Thư viện lưu trữ: Trung tâm Thư viện - Trường Đại học Công nghiệp TP. Hồ Chí Minh
LEADER 00473nam a2200157Ia 4500
001 UIH_04051
008 231011s9999 xx 000 0 und d
082 |a  332.632 
100 |a  Thomsett, Michael C 
245 0 |a  Fundamental analysis 
245 0 |c  Thomsett, Michael C 
260 |b  J. Wiley and sons 
260 |c  2006 
650 |a  Cổ phiếu;  
927 |a Sách 
980 |a Trung tâm Thư viện - Trường Đại học Công nghiệp TP. Hồ Chí Minh